Sports Quiz

Random Sports or Asia Quiz

Only IPL teams Quiz Stats

 Plays Quiz not verified by Sporcle

Score 0/8 Timer 00:30
0 Plays Today
% Correct
Royal Challengers Bangalore
91.2%
Kolkata Knight Riders
90%
Delhi Daredevils
89.8%
Sunrisers Hyderabad
89.8%
Mumbai Indians
89.6%
Kings XI Punjab
87.5%
Chennai Super Kings
79.9%
Rajasthan Royals
77.1%

You're not logged in!

Compare scores with friends on all Sporcle quizzes.
OR
Log In

You Might Also Like...

Show Comments

Extras

Top Quizzes Today


Score Distribution

Your Account Isn't Verified!

In order to create a playlist on Sporcle, you need to verify the email address you used during registration. Go to your Sporcle Settings to finish the process.

Report this User

Report this user for behavior that violates our Community Guidelines.

Details: